000 00748aas a2200217 4500
999 _c1549
_d1549
003 BR-BrBNA
005 20230317233228.0
007 ta
008 230119b bl ||||| |||| 00| 0 por d
035 _a000485-5
040 _aBR-BrBNA
_bPor
_cBR-BrBNA
042 _a012097-9
044 _abl
245 _aBoletim - Departamento Nacional da Produção Mineral. Div. de Águas (Brazil)
260 _aRio de Janeiro-RJ
_bDepartamento Nacional da Produção Mineral - Divisão de Águas
_c1940. Data final de publicação em 1944
_eBRJ
270 _aLargo de Misericórdia - Av. Pasteur 404 - 2º andar - 20000-000 Rio de Janeiro - RJ
310 _airregular
505 _a1940 (1 doc.ext)%1944 (4 doc.ext);
909 _a56
_bSergio Santos
_c56
_dSergio Santos
942 _cCR
_2AGRIS